| Поле | Инд. | ПП | Название | Значение |
|---|---|---|---|---|
| Тип записи | a | |||
| Библиографический уровень | b | |||
| 001 | Контрольный номер | RU/IS/BASE/141483770 | ||
| 005 | Дата корректировки | 20200601191457.4 | ||
| 084 | a | Индекс другой классификации/Индекс ББК | 65.9(2Рос) | |
| 100 | 1_ | a | Автор | Узяков М. Н. |
| q | Полное имя | Узяков Марат Наильевич | ||
| 245 | a | Заглавие | О перспективах экономического роста в России | |
| 504 | a | Библиография | Лит. в конце статьи | |
| 520 | a | Аннотация | Характеризуются "итоги 3-летнего экономического роста в России (1999-2001), приводятся обоснования и расчеты, аргументирующие неизбежность существенного замедления темпов экономического роста в ближайшие 2 года. В частности, в качестве важнейшего фактора ухудшения внутриэкономической конъюнктуры рассматривается намечаемое повышение тарифов на услуги отраслей-монополистов." | |
| 650 | a | Основная рубрика | экономика | |
| 653 | a | Ключевые слова | валовой внутренний продукт (ВВП) | |
| a | Ключевые слова | внутриэкономическая конъюнктура | ||
| a | Ключевые слова | государственное регулирование экономики | ||
| a | Ключевые слова | девальвация рубля | ||
| a | Ключевые слова | естественные монополии | ||
| a | Ключевые слова | инвестиции | ||
| a | Ключевые слова | инфляция | ||
| a | Ключевые слова | макроэкономика | ||
| a | Ключевые слова | промышленное производство | ||
| a | Ключевые слова | Россия | ||
| a | Ключевые слова | уровень потребления | ||
| a | Ключевые слова | экономическая политика | ||
| a | Ключевые слова | экономический рост | ||
| a | Ключевые слова | экономическое прогнозирование | ||
| a | Ключевые слова | эффективность производства | ||
| 773 | t | Заглавие источника | Проблемы прогнозирования | |
| d | Дата издания источника | 2002 | ||
| g | Прочая информация | № 4. - С. 3 - 14 : табл., граф. | ||
| w | Контрольный № источника | RU/IS/BASE/113580053 | ||
| 901 | t | Тип документа | b |